English Premier League Champions - Statistics

General Stats
  • This quiz has been taken 837 times
  • The average score is 66 of 69
Answer Stats
Years Answer % Correct
1992-1993 Manchester United
100%
1993-1994 Manchester United
100%
Manchester United
100%
1995-1996 Manchester United
100%
1996-1997 Manchester United
100%
Manchester United
100%
1998-1999 Manchester United
100%
1999-2000 Manchester United
100%
2000-2001 Manchester United
100%
Manchester United
100%
2002-2003 Manchester United
100%
Manchester United
100%
Manchester United
100%
Manchester United
100%
2006-2007 Manchester United
100%
2007-2008 Manchester United
100%
2008-2009 Manchester United
100%
Manchester United
100%
2010-2011 Manchester United
100%
Manchester United
100%
2012-2013 Manchester United
100%
Arsenal
99%
1997-1998 Arsenal
99%
Arsenal
99%
Arsenal
99%
Arsenal
99%
2001-2002 Arsenal
99%
Arsenal
99%
2003-2004 Arsenal
99%
Arsenal
99%
Arsenal
99%
Arsenal
99%
Arsenal
99%
Arsenal
99%
Chelsea
99%
Chelsea
99%
2004-2005 Chelsea
99%
2005-2006 Chelsea
99%
Chelsea
99%
Chelsea
99%
Chelsea
99%
2009-2010 Chelsea
99%
Chelsea
99%
Chelsea
99%
Chelsea
99%
2014-2015 Chelsea
99%
Manchester City
99%
2011-2012 Manchester City
99%
Manchester City
99%
2013-2014 Manchester City
99%
Manchester City
99%
Liverpool
97%
Liverpool
97%
Liverpool
97%
Liverpool
97%
Liverpool
97%
Liverpool
97%
Liverpool
97%
Liverpool
97%
Blackburn Rovers
84%
1994-1995 Blackburn Rovers
84%
Newcastle United
82%
Newcastle United
82%
Newcastle United
82%
Newcastle United
82%
Leeds United
72%
Aston Villa
65%
Nottingham Forest
49%
Norwich City
41%
No matching quizzes found
Score Distribution
Percent of People with Each Score
Percentile by Number Answered
Your Score History
You have not taken this quiz